| 000 | 00916cam a22002654a 4500 | ||
|---|---|---|---|
| 001 | 12707117 | ||
| 005 | 20240208042035.0 | ||
| 008 | 020315s2002 enk b 001 0 eng | ||
| 020 | _a1842770306 (cased) | ||
| 020 | _a1842770314 limp | ||
| 040 |
_aDLC _cDLC _dDLC |
||
| 082 | 0 | 0 |
_a306.74 _221 _bTRA. |
| 245 | 0 | 0 |
_aTransnational prostitution : _bchanging patterns in a global context / _cedited by Susanne Thorbek and Bandana Pattanaik. |
| 260 |
_aLondon ; _aNew York : _bZed Books, _c2002. |
||
| 300 | _ax, 237 p. ; | ||
| 650 | 0 | _aProstitution. | |
| 650 | 0 | _aWomen foreign workers. | |
| 650 | 0 | _aSex tourism. | |
| 700 | 1 |
_aThorbek, Susanne. _eedt |
|
| 700 | 1 |
_aPattanaik, Bandana, _eedt |
|
| 856 | 4 | 2 | _uhttp://www.loc.gov/catdir/bios/hol051/2002023454.html |
| 856 | 4 | 1 | _uhttp://www.loc.gov/catdir/toc/hol031/2002023454.html |
| 856 | 4 | 2 | _uhttp://www.loc.gov/catdir/description/hol031/2002023454.html |
| 942 | _cL | ||
| 999 |
_c336 _d336 |
||